| 000 | 00643nam a2200229 i 4500 | ||
|---|---|---|---|
| 001 | bg | ||
| 100 | 1 | _aHOLLIWELL, John | |
| 245 | 1 | 0 |
_aThe financial risk manual : _ba sistematic guide to identifying and managing financial risk / _cJohn Holliwell. |
| 260 |
_aLondon [et al.] : _bPitman, _c1997. |
||
| 300 |
_aXV, 336 s. : _b1 portr., rys. ; _c24 cm. |
||
| 490 | 1 | _aRisk Management | |
| 504 | _aIndeks. | ||
| 650 | 9 |
_aRyzyko _xfinanse |
|
| 830 | _aRisk Management | ||
| 020 | _a0273624180 | ||
| 040 | _cBPK | ||
| 041 | 0 | _aen | |
| 080 | _a336.7 | ||
| 920 | _a0-273-62418-0 | ||
| 942 | _cKS | ||
| 008 | s pl f |000 0 pol | ||
| 999 |
_c33454 _d33454 |
||
| 856 |
_uhttp://koha.tu.koszalin.pl/cgi-bin/koha/opac-detail.pl?biblionumber=33454 _yKatalog online BPK |
||